Intermediate fluid mechanics : solutions manual with an addendum /

Guardado en:
Autor Principal: Nunn, R. H.
Formato: Libro
Idioma:English
Publicado: New York : Hemisphere Pub. Corp., [1989].
Materias:
Etiquetas: Agregar Etiqueta
Sin Etiquetas, Sea el primero en etiquetar este registro!
LEADER 00748nam a22002055a 4500
001 EIQ.libpla003629
008 080220s1989####nyua##########000#0#eng#d
005 20080220191406.0
245 1 0 |a Intermediate fluid mechanics :  |b solutions manual with an addendum /  |c Robert H. Nunn. 
260 |a New York :  |b Hemisphere Pub. Corp.,  |c [1989]. 
300 |a 119 p. :  |b il. ;  |c 24 cm. 
500 |a La biblioteca posee "intermediate fluid mechanics". 
020 |a 0891160205 
100 1 |a Nunn, R. H.  |q (Robert H.) 
082 0 0 |a 620.1/06  |2 19 
650 4 |a Procesos  |x Mecánica de fluídos. 
650 4 |a Processes  |x Fluid mechanics. 
010 |a  88034746  
040 |a DLC  |c DLC  |d AR-BbSID 
859 |a AR-BbSID  |b BIB. PLAPIQUI  |h 620.106  |i N 923  |p 3980  |v sol. manual  |3 sol. manual